Ensayo Analítico Metodológico de Planificación Interregional en México /

Guardat en:
Dades bibliogràfiques
Autor principal: Carrillo Arronte, Ricardo (autor)
Format: Llibre
Idioma:espanyol
Publicat: México : Fondo de Cultura Económica, 1973
Matèries:
Etiquetes: Afegir etiqueta
Sense etiquetes, Sigues el primer a etiquetar aquest registre!

MARC

LEADER 00000nam^a2200000^a^4500
001 000019022
005 20250521000000.0
009 20260310084242.487
037 |a Acervo ITESO - Biblioteca 
041 |a ESP 
082 |a 330. 972  |b CAR 
100 |a Carrillo Arronte, Ricardo  |e (autor) 
245 1 0 |a Ensayo Analítico Metodológico de Planificación Interregional en México /  |c R. Carrillo Arronte. 
264 1 |a México :  |b Fondo de Cultura Económica,  |c 1973 
300 |a 244 p. 
336 |a texto  |b txt  |2 rdacontenido 
337 |a sin mediación  |b n  |2 rdamedio 
338 |a volumen  |b nc  |2 rdasoporte 
649 |a XX 
650 |a Economía -  |z México 
910 |a Fondo General 
920 |a Impresos - Libros 
930 |a Colección General 
905 |a 101 
901 |a 0190220100  |b IT1  |c ACC  |i 019022  |u 20250521 
902 |a https://opac.biblio.iteso.mx/vufind/Record/000019022